书目信息 |
| 题名: |
全国英语等级考试(1-2级)核心词汇考点精解
|
|
| 作者: | ;周玲 , 张陟 , 王权根 编著 ;全能考试研究中心 编著 | |
| 分册: | ||
| 出版信息: | 汕头 汕头大学出版社 2005.05 |
|
| 页数: | 221页 | |
| 开本: | 23cm | |
| 丛书名: | ||
| 单 册: | ||
| 中图分类: | H313 | |
| 科图分类: | ||
| 主题词: | 英语--ying yu--词汇--水平考试--自学参考资料 | |
| 电子资源: | ||
| ISBN: | 7-81036-793-5 | |
| 000 | 01175nam0 2200265 450 | |
| 001 | 012006867956 | |
| 005 | 20060912163826.89 | |
| 010 | @a7-81036-793-5@dCNY25.00 | |
| 100 | @a20060622d2005 km y0chiy0120 ea | |
| 101 | 0 | @achi@aeng |
| 102 | @aCN@b440000 | |
| 105 | @ay z 000yy | |
| 200 | 1 | @a全国英语等级考试(1-2级)核心词汇考点精解@Aquan guo ying yu deng ji kao shi(1-2 ji)he xin ci hui kao dian jing jie@f全能考试研究中心编著@Fquan neng kao shi yan jiu zhong xin bian zhu@g周玲, 王权根, 张陟编著@Gzhou ling,wang quan gen,zhang zhi bian zhu |
| 210 | @a汕头@c汕头大学出版社@d2005.05 | |
| 215 | @a221页@d23cm | |
| 300 | @a易刊全国英语等级考试系列用书, 全国英语等级考试重点推荐图书 | |
| 330 | @a本书根据全国英语等级考试大纲要求,把全国等级英语考试1-2级词汇单元组合,书中部分单词穿插轻松、幽默的漫画,对词义进行了形象生动的解释和说明。 | |
| 606 | 0 | @a英语@Aying yu@x词汇@x水平考试@j自学参考资料 |
| 690 | @aH313@v4 | |
| 702 | 0 | @a周玲@Azhou ling@4编著 |
| 702 | 0 | @a张陟@Azhang zhi@4编著 |
| 702 | 0 | @a王权根@Awang quan gen@4编著 |
| 711 | 02 | @a全能考试研究中心@Aquan neng kao shi yan jiu zhong xin@4编著 |
| 801 | 0 | @aCN@bQSSK@c20060912 |
| 905 | @a10447@dH313@eQ943 | |
| 全国英语等级考试(1-2级)核心词汇考点精解/全能考试研究中心编著/周玲, 王权根, 张陟编著.-汕头:汕头大学出版社,2005.05 |
| 221页;23cm |
| 易刊全国英语等级考试系列用书, 全国英语等级考试重点推荐图书 |
| ISBN 7-81036-793-5:CNY25.00 |
| 本书根据全国英语等级考试大纲要求,把全国等级英语考试1-2级词汇单元组合,书中部分单词穿插轻松、幽默的漫画,对词义进行了形象生动的解释和说明。 |
| ● |
| 相关链接 |
|
|
|
正题名:全国英语等级考试(1-2级)核心词汇考点精解
索取号:H313/Q943
 
预约/预借
| 序号 | 登录号 | 条形码 | 馆藏地/架位号 | 状态 | 备注 |
| 1 | 590686 | 205906867 | 语言库209/209语言库 103排6列1层/ [索取号:H313/Q943] | 在馆 | |
| 2 | 590687 | 205906876 | 语言库209/209语言库 103排6列1层/ [索取号:H313/Q943] | 在馆 | |
| 3 | 590688 | 205906885 | 语言库209/209语言库 103排6列1层/ [索取号:H313/Q943] | 在馆 |